000 00542nam a2200229Ia 4500
003 OSt
005 20221005130931.0
006 a|||||r|||| 00| 0
007 ta
008 221004b |||||||| |||| 00| 0 mal d
024 _a46658
037 _cTextual
040 _aCRL
_cCRL
_bmal
041 _2mal
_amal
082 _aA, 32F1
100 _aGopalamenon Au.
_9638890
245 0 _aSastiavi hasam
260 _c1921
650 _aSCIENCE
942 _hA, 32F1
_cTEXL
_2cc
999 _c1058854
_d1058854